Instinto humano : nacidos para sobrevivir /
Guardat en:
| Autor principal: | |
|---|---|
| Altres autors: | , |
| Format: | |
| Idioma: | espanyol |
| Matèries: | |
| Etiquetes: |
Sense etiquetes, Sigues el primer a etiquetar aquest registre!
|
MARC
| LEADER | 00000ngm^a2200000^a^4500 | ||
|---|---|---|---|
| 001 | 000312168 | ||
| 005 | 20250521000000.0 | ||
| 009 | 20260310113107.217 | ||
| 037 | |a Acervo ITESO - Biblioteca | ||
| 041 | |a ESP | ||
| 082 | |a 152. 324 |b CEC V. 1 | ||
| 100 | |a Cecil, Jessica |e (prod.) | ||
| 240 | 1 | 1 | |a [Instinto humano] |
| 245 | 1 | 0 | |a Instinto humano : |b nacidos para sobrevivir / |c Prod. de la serie de J. Cecil ; prod. ejecutiva de P. Dolling ; realización de |
| 246 | 2 | |a Título en la cubierta: Nacidos para sobrevivir | |
| 264 | |a México : |b En Pantalla Producciones Internacionales [distribución], |c copyright fecha no identificada | ||
| 300 | |a 1 DVD multirregión |c 47, 46 min.) | ||
| 336 | |a imagen móvil bidimensional |b tdi |2 rdacontenido | ||
| 337 | |a video |b v |2 rdamedio | ||
| 338 | |a videodisco |b vd |2 rdasoporte | ||
| 500 | |a Traducción de: Human Instinct: Born to Survive | ||
| 546 | |a Doblaje al español | ||
| 649 | |a XX | ||
| 650 | |a Deseo Sexual - |x Tema Principal | ||
| 650 | |a Instinto de Supervivencia - |x Tema Principal | ||
| 650 | |a Motivación | ||
| 650 | |a Instintos - |x Tema Principal | ||
| 650 | |a Neuropsicología | ||
| 650 | |a Psicología | ||
| 740 | 0 | |a Instinto humano : |b deseos intensos = Deepest Desires / |c Prod. de la serie de J. Cecil ; prod. ejecutiva de P. Dolling ; realización de | |
| 700 | |a Dolling, Phil |e (producción ejecutiva) | ||
| 700 | |a Bondy, Natasha |e (realización) | ||
| 910 | |a Fondo General | ||
| 920 | |a Audiovisuales - DVDs | ||
| 905 | |a 302 | ||
| 901 | |a 0500204114 |b IT2 |c DVS |i C123101 |u 20250521 | ||
| 902 | |a https://opac.biblio.iteso.mx/vufind/Record/000312168 | ||